Statystyki dla Strzelcy bramek w 28 kolejce Bundesligi w sezonie 2020/21.

Kliknij tutaj aby rozwiązać quiz!

Ogólne statystyki

  • Ten quiz został rozwiązany 5 razy
  • Średni wynik to 9 z 30

Statystyki odpowiedzi

MeczPiłkarz% Poprawnych
Stuttgart - Dortmund 1:2Reus
80%
Hertha - Monchengladbach 2:2Cordoba
60%
Frankfurt - Wolfsburg 2:1Jovic
60%
Frankfurt - Wolfsburg 3:2Silva
60%
Werder Brema - RB Lipsk 0:2Sorloth
60%
Werder Brema - RB Lipsk 0:3Sorloth
60%
Koln - Mainz 1:1Duda
40%
Frankfurt - Wolfsburg 1:1Kamada
40%
Bayern - Union Berlin 1:0Musiala
40%
Hertha - Monchengladbach 1:1Plea
40%
Werder Brema - RB Lipsk 1:3Rashica
40%
Schalke - Augsburg 1:0Serdar
40%
Hertha - Monchengladbach 1:2Stindl
40%
Frankfurt - Wolfsburg 2:2Weghorst
40%
Frankfurt - Wolfsburg 0:1Baku
20%
Koln - Mainz 2:3Barreiro
20%
Koln - Mainz 0:1Boetius
20%
Bayern - Union Berlin 1:1Ingvartsen
20%
Stuttgart - Dortmund 1:0Kalajdzic
20%
Stuttgart - Dortmund 2:3Knauff
20%
Werder Brema - RB Lipsk 0:1Olmo
20%
Koln - Mainz 2:2Onisiwo
20%
Werder Brema - RB Lipsk 1:4Sabitzer
20%
Bielefeld - Freiburg 1:0 (Bramka Samobójcza)Santamaria
20%
Koln - Mainz 2:1Skhiri
20%
Hertha - Monchengladbach 1:0Ascacibar
0%
Stuttgart - Dortmund 1:1Bellingham
0%
Stuttgart - Dortmund 2:2Didavi
0%
Frankfurt - Wolfsburg 4:2Durm
0%
Frankfurt - Wolfsburg 4:3 (Bramka Samobójcza)Tuta
0%

Rozkład punktacji

Percentyl według liczby udzielonych odpowiedzi

Procent ludzi z każdym wynikiem

Twoja historia wyników

Nie rozwiązałeś tego quizu